000 00856cam a2200217 4500
001 WB3803-22
008 020124n2002 000 0 eng u
035 _a(Sirsi) u116430
245 _aCoalfields enterprise fund
260 _c2002
490 _aDTLR News Release
_v(009) 22 January 2002, (3)
520 _aEC gives go ahead for new £20m fund to breath life into former coalfield areas. The regeneration minister welcomed the decision adding it will help support new businesses in the coalfields. Lists local authorities in which the Coalfields Enterprise Fund may operate. For public enquiries: 020 7944 3000.
590 _aWB
650 _aCOALFIELDS ENTERPRISE FUND
650 _aCOALFIELDS REGENERATION PROGRAMME
650 _aEC GRANTS
650 _aCOALFIELD AREAS
650 _aBARCLAYS BANK
690 _aREGENERATION
942 _n0
999 _c69353
_d69353